Online
Catalog

¿Por qué sucedió? : (Record no. 33655)

MARC details
000 -CABECERA
campo de control de longitud fija 00876nam a2200229 a 4500
001 - NÚMERO DE CONTROL
campo de control 000034164
005 - FECHA Y HORA DE LA ÚLTIMA TRANSACCIÓN
campo de control 20200930070829.0
008 - DATOS DE LONGITUD FIJA--INFORMACIÓN GENERAL
campo de control de longitud fija 110926s2011 es 000 0 spa d
020 ## - NÚMERO INTERNACIONAL ESTÁNDAR DEL LIBRO
Número Internacional Estándar del Libro 8449312663
040 ## - FUENTE DE LA CATALOGACIÓN
Centro catalogador/agencia de origen DO-SdBNP
Lengua de catalogación spa
Centro/agencia transcriptor BNPHU
049 ## - FONDOS LOCALES (OCLC)
Fondos de biblioteca BNPD
245 00 - MENCIÓN DE TÍTULO
Título ¿Por qué sucedió? :
Resto del título el terrorismo y la nueva guerra /
Mención de responsabilidad, etc. James F. Hoge, Jr. y Gideon Rose, compiladores ; traducción de Francisco Beltrán Adell y Yolanda Fontal Rueda.
260 ## - PUBLICACIÓN, DISTRIBUCIÓN, ETC.
Lugar de publicación, distribución, etc. Barcelona :
Nombre del editor, distribuidor, etc. Paidós,
Fecha de publicación, distribución, etc. 2011.
300 ## - DESCRIPCIÓN FÍSICA
Extensión 339 p. ;
Dimensiones 24 cm.
490 1# - MENCIÓN DE SERIE
Mención de serie Paidós.
-- Historia contemporánea ;
Designación de volumen o secuencia 2
534 ## - NOTA SOBRE LA VERSIÓN ORIGINAL
Encabezamiento principal del original Título original.
Mención de título del original How did this happen?
700 1# - PUNTO DE ACCESO ADICIONAL--NOMBRE DE PERSONA
Nombre de persona Beltrán Adell, Francisco,
Término indicativo de función/relación tr.
9 (RLIN) 59578
700 1# - PUNTO DE ACCESO ADICIONAL--NOMBRE DE PERSONA
Nombre de persona Fontal Rueda, Yolanda,
Término indicativo de función/relación tr.
9 (RLIN) 59579
700 1# - PUNTO DE ACCESO ADICIONAL--NOMBRE DE PERSONA
Nombre de persona Bruno, Carlos
Término indicativo de función/relación comp.
9 (RLIN) 59580
700 1# - PUNTO DE ACCESO ADICIONAL--NOMBRE DE PERSONA
Nombre de persona Rose, Gideon,
Término indicativo de función/relación comp.
9 (RLIN) 59581
830 #0 - PUNTO DE ACCESO ADICIONAL DE SERIE-TÍTULO UNIFORME
Título uniforme Paidós
Nombre de parte o sección de la obra Historia contemporánea ;
Número de parte o sección de la obra 2
9 (RLIN) 59582
Holdings
Estado de retiro Estado de pérdida Restricciones de uso No para préstamo Código de colección Localización permanente Ubicación/localización actual Ubicación en estantería Fecha de adquisición Número de inventario Total de préstamos Signatura topográfica completa Código de barras Fecha visto por última vez Precio válido a partir de Tipo de ítem Koha
      Excluido de préstamo Monografías: Libros y Folletos General General En catalogación 26.09.2011 LF1   34164-10 25.06.2020 25.06.2020 No se presta

Powered by Koha